Welcome to the Holygrace Academy Library

Please use search bar below to get started

BRITANNICA EARLY DISCOVERY (Record no. 230)

MARC details
000 -LEADER
fixed length control field 00374nam a22001457a 4500
020 ## - INTERNATIONAL STANDARD BOOK NUMBER
ISBN 9788181312570
082 ## - DEWEY DECIMAL CLASSIFICATION NUMBER
Classification number 823
Item number BRI/M
100 ## - MAIN ENTRY--AUTHOR NAME
Personal name BRITANNICA
245 ## - TITLE STATEMENT
Title BRITANNICA EARLY DISCOVERY
Remainder of title ME AND YOU
260 ## - PUBLICATION, DISTRIBUTION, ETC. (IMPRINT)
Place of publication GREAT BRITAIN
Name of publisher ENCYCLOPEDIA
Year of publication 2012
300 ## - PHYSICAL DESCRIPTION
Number of Pages 40
520 ## - SUMMARY, ETC.
Summary, etc LEARN NEW WORDS, FUN ACTIVITIES
650 ## - SUBJECT ADDED ENTRY--TOPICAL TERM
Topical Term EARLY DISCOVERY
Geographic subdivision GREAT BRITAIN
942 ## - ADDED ENTRY ELEMENTS (KOHA)
Koha item type Books
Holdings
Withdrawn status Lost status Collection code Home library Current library Shelving location Date acquired Source of acquisition Cost, normal purchase price Full call number Accession Number Koha item type
    Non-fiction Main Library Main Library SHELF-12E-EARLY DISCOVERY,MAGIC PLACE 04/12/2013 purchase 200.00 823 BRI/M 03486 Books
    Non-fiction Main Library Main Library SHELF-12E-EARLY DISCOVERY,MAGIC PLACE 25/04/2013 purchase 200.00 823 BRI/M 07349 Books